|
|
|
|
| LEADER |
01356nam a2200361Ia 4500 |
| 001 |
EBC514324 |
| 003 |
MiAaPQ |
| 005 |
20200520144314.0 |
| 006 |
m o d | |
| 007 |
cr cn||||||||| |
| 008 |
091224s2010 nju sb 001 0 eng d |
| 010 |
|
|
|z 2009050967
|
| 020 |
|
|
|z 9780470587874
|
| 035 |
|
|
|a (MiAaPQ)EBC514324
|
| 035 |
|
|
|a (Au-PeEL)EBL514324
|
| 035 |
|
|
|a (CaPaEBR)ebr10381106
|
| 035 |
|
|
|a (CaONFJC)MIL268321
|
| 035 |
|
|
|a (OCoLC)609862535
|
| 040 |
|
|
|a MiAaPQ
|c MiAaPQ
|d MiAaPQ
|
| 050 |
|
4 |
|a HD62.6
|b .B85 2010
|
| 082 |
0 |
4 |
|a 658.4/012
|2 22
|
| 245 |
0 |
0 |
|a Building strong nonprofits
|h [electronic resource] :
|b new strategies for growth and sustainability /
|c edited by John C. Olberding and Lisa Barnwell Williams.
|
| 260 |
|
|
|a Hoboken, N.J. :
|b Wiley,
|c c2010.
|
| 300 |
|
|
|a xiv, 186 p.
|
| 504 |
|
|
|a Includes bibliographical references and index.
|
| 533 |
|
|
|a Electronic reproduction. Ann Arbor, MI : ProQuest, 2015. Available via World Wide Web. Access may be limited to ProQuest affiliated libraries.
|
| 650 |
|
0 |
|a Nonprofit organizations
|x Management.
|
| 650 |
|
0 |
|a Nonprofit organizations.
|
| 655 |
|
4 |
|a Electronic books.
|
| 700 |
1 |
|
|a Olberding, John C.
|
| 700 |
1 |
|
|a Williams, Lisa Barnwell.
|
| 710 |
2 |
|
|a ProQuest (Firm)
|
| 856 |
4 |
0 |
|u https://ebookcentral.proquest.com/lib/matrademy/detail.action?docID=514324
|z Click to View
|